000 00608nam a2200229Ia 4500
003 OSt
005 20220926035720.0
006 a|||||r|||| 00| 0
007 ta
008 220923b |||||||| |||| 00| 0 eng d
037 _cGeneral Book
040 _aRTL
_cRTL
_beng
041 _2eng
_aeng
082 _aX:191.8.N0, J4
100 _aBullin N G
_9342664
245 0 _aPublic capital formation in Australia
260 _c1954
650 _aCapital Formation
700 _a Meel H de
_9342665
942 _hX:191.8.N0, J4
_cGB
_2CC
999 _c662889
_d662889